Największe miasta w Chorwacji zawierające literę - Statystyki

Ogólne statystyki
  • Ten quiz został rozwiązany 120 razy
  • Średni wynik to 15 z 29
Statystyki odpowiedzi
Litera Miasto % Poprawnych
A Zagrzeb
99%
B Zagrzeb
99%
E Zagrzeb
99%
G Zagrzeb
99%
R Zagrzeb
99%
Z Zagrzeb
99%
I Split
84%
L Split
84%
P Split
84%
S Split
84%
T Split
84%
W Dubrownik
72%
J Rijeka
61%
K Rijeka
61%
D Zadar
58%
O Osijek
50%
U Pula
46%
Ž Varaždin
20%
C Karlovac
19%
Y Szybenik
17%
N Slavonski Brod
11%
V Slavonski Brod
11%
Č Čakovec
4%
Đ Đakovo
4%
Ć Zaprešić
2%
Š Zaprešić
2%
F Novi Marof
1%
H Donji Miholjac
0%
M Samobor
0%
Nie znaleziono quizów pasujących do podanych kryteriów
Rozkład punktacji
Procent ludzi z każdym wynikiem
Percentyl według liczby udzielonych odpowiedzi
Twoja historia wyników
Nie rozwiązałeś tego quizu